[Event "XXXI Memorial Edoardo Crespi A"]
[Site "Milano ITA"]
[Date "2010.12.08"]
[Round "5"]
[White "Vezzosi, Paolo"]
[Black "Salami, Marco"]
[WhiteElo "2379"]
[BlackElo "2203"]
[Result "1/2-1/2"]
[PlyCount "87"]
[EventDate "2010.12.04"]

1. d4 e6 2. Nf3 f5 3. g3 Nf6 4. Bg2 d5 5. O-O Bd6 6. b3 Qe7 7. c4 c6 8. Ne5 O-O
9. Nd2 b6 10. Ndf3 Ne4 11. Bb2 Bb7 12. Rc1 Nd7 13. cxd5 cxd5 14. Nc6 Bxc6 15.
Rxc6 Nb8 16. Rc1 Na6 17. Ne5 Rac8 18. f3 Nf6 19. e3 Qb7 20. Qe2 Rxc1 21. Rxc1
Rc8 22. Bf1 Nb8 23. Nd3 Rxc1 24. Bxc1 Qc7 25. Bd2 g5 26. Nf2 Qc2 27. Be1 Qxe2
28. Bxe2 Nc6 29. Kg2 h5 30. h3 Kf7 31. g4 f4 32. Bb5 fxe3 33. Bxc6 exf2 34.
Kxf2 hxg4 35. hxg4 Nh7 36. Bd2 Kf6 37. Ke2 Nf8 38. Be8 Ke7 39. Bb5 Kf6 40. a4
a5 41. Be8 Ke7 42. Bh5 Kf6 43. Kd3 Ng6 44. Bxg6 1/2-1/2

[Event "XXXI Memorial Edoardo Crespi A"]
[Site "Milano ITA"]
[Date "2010.12.08"]
[Round "6"]
[White "Agrifoglio, Fabio"]
[Black "Astengo, Corrado"]
[WhiteElo "1999"]
[BlackElo "2139"]
[Result "1/2-1/2"]
[PlyCount "122"]
[EventDate "2010.12.04"]

1. d4 d5 2. c4 e6 3. Nc3 Nf6 4. Bg5 Nbd7 5. cxd5 exd5 6. e3 Be7 7. Bd3 c6 8.
Qc2 Nf8 9. Nge2 Bg4 10. f3 Bh5 11. O-O Bg6 12. e4 dxe4 13. fxe4 Ne6 14. Bxf6
Bxf6 15. d5 Nd4 16. Qa4 Nxe2+ 17. Bxe2 O-O 18. Kh1 Bxc3 19. bxc3 cxd5 20. exd5
Qxd5 21. Bf3 Qc5 22. Bxb7 Rad8 23. Bf3 Rd2 24. Rad1 Bc2 25. Qf4 Rxd1 26. Bxd1
Bxd1 27. Rxd1 Qxc3 28. h3 h6 29. Rd7 Qa1+ 30. Kh2 Qxa2 31. Qd4 a5 32. Ra7 Re8
33. Qd7 Qe6 34. Qxe6 fxe6 35. Rxa5 Kf7 36. Kg3 Kf6 37. Kf3 Rb8 38. h4 Rb4 39.
g3 Rd4 40. Rb5 Rd3+ 41. Kf2 Rd5 42. Rb6 h5 43. Rb8 e5 44. Rf8+ Ke6 45. Ke3 Ra5
46. Rg8 Ra3+ 47. Kf2 Kf6 48. Rf8+ Kg6 49. Rh8 e4 50. Rf8 Ra5 51. Rf4 Ra2+ 52.
Kf1 e3 53. Rf3 e2+ 54. Ke1 Rb2 55. Kf2 Rc2 56. Ke1 Ra2 57. Kf2 Rb2 58. Ke1 Rc2
59. Kf2 Rd2 60. Ke1 Ra2 61. Kf2 Rc2 1/2-1/2

[Event "XXXI Memorial Edoardo Crespi A"]
[Site "Milano ITA"]
[Date "2010.12.08"]
[Round "6"]
[White "Barberi, Alessandro"]
[Black "Bonanno, Alessandro"]
[WhiteElo "2077"]
[BlackElo "2143"]
[Result "0-1"]
[PlyCount "60"]
[EventDate "2010.12.04"]

1. d4 Nf6 2. Nf3 b5 3. e3 a6 4. a4 b4 5. c4 bxc3 6. bxc3 e6 7. Bd3 Bb7 8. Nbd2
c5 9. e4 d5 10. e5 Ne4 11. Qc2 Nxd2 12. Bxd2 Be7 13. Bxh7 g6 14. Bxg6 fxg6 15.
Qxg6+ Kd7 16. Qb1 Qc7 17. dxc5 Bxc5 18. O-O Nc6 19. Bg5 Rag8 20. Bf6 Rh5 21.
Re1 Be7 22. Qd3 Bxf6 23. exf6 Qf4 24. Rab1 Nd8 25. Rxb7+ Nxb7 26. Qxa6 Nd8 27.
Qb5+ Nc6 28. f7 Rf8 29. g3 Qxf3 30. Qb7+ Kd6 0-1

[Event "XXXI Memorial Edoardo Crespi A"]
[Site "Milano ITA"]
[Date "2010.12.08"]
[Round "6"]
[White "Battistella, Stefano"]
[Black "Ricci, Marco"]
[WhiteElo "2069"]
[BlackElo "2061"]
[Result "1/2-1/2"]
[PlyCount "33"]
[EventDate "2010.12.04"]

1. d4 Nf6 2. g3 g6 3. Bg2 Bg7 4. e4 d6 5. Nc3 O-O 6. Nge2 e5 7. h3 Nbd7 8. O-O
exd4 9. Nxd4 Nc5 10. Re1 Re8 11. Bg5 h6 12. Bf4 Ne6 13. Nxe6 Bxe6 14. Qd2 Qd7
15. Bxh6 Bxh3 16. Bxg7 Kxg7 17. Bh1 1/2-1/2

[Event "XXXI Memorial Edoardo Crespi A"]
[Site "Milano ITA"]
[Date "2010.12.08"]
[Round "6"]
[White "Borin, Fabio"]
[Black "Bemporad, Filippo"]
[WhiteElo "2141"]
[BlackElo "2068"]
[Result "0-1"]
[PlyCount "62"]
[EventDate "2010.12.04"]

1. e4 c5 2. Nc3 d6 3. f4 g6 4. Nf3 Bg7 5. Bb5+ Bd7 6. Bc4 Nc6 7. O-O e6 8. d3
Nge7 9. Qe1 Na5 10. f5 Nxc4 11. dxc4 O-O 12. Qh4 exf5 13. Bh6 f6 14. e5 dxe5
15. Ng5 Bxh6 16. Qxh6 fxg5 17. Rad1 Qe8 18. Rd6 Bc6 19. Rfd1 Qf7 20. Qxg5 Rae8
21. h4 f4 22. Nd5 Bxd5 23. cxd5 Nf5 24. Re6 Rxe6 25. dxe6 Qxe6 26. Rd8 Rxd8 27.
Qxd8+ Kg7 28. h5 Qe7 29. Qd1 e4 30. hxg6 hxg6 31. Qg4 Qe5 0-1

[Event "XXXI Memorial Edoardo Crespi A"]
[Site "Milano ITA"]
[Date "2010.12.08"]
[Round "6"]
[White "Bozzali, Ermanno"]
[Black "Astengo, Marcello"]
[WhiteElo "2119"]
[BlackElo "2070"]
[Result "1-0"]
[PlyCount "65"]
[EventDate "2010.12.04"]

1. d4 d5 2. c4 c6 3. Nf3 e6 4. e3 Nf6 5. b3 Nbd7 6. Bb2 Be7 7. Bd3 O-O 8. Nc3
b6 9. O-O Bb7 10. Qc2 Re8 11. Ne5 Nf8 12. Rad1 Rc8 13. f4 Qc7 14. Qe2 Rcd8 15.
g4 N6d7 16. g5 Nxe5 17. dxe5 Ba8 18. cxd5 exd5 19. Qh5 Bc5 20. Rf3 g6 21. Qh6
Re6 22. Ne2 Qb7 23. Nd4 Bxd4 24. exd4 c5 25. Bf1 c4 26. Ba3 b5 27. Bxf8 Rxf8
28. Rh3 f5 29. gxf6 Qf7 30. Rg3 Ra6 31. f5 Rxf6 32. exf6 Qxf6 33. fxg6 1-0

[Event "XXXI Memorial Edoardo Crespi A"]
[Site "Milano ITA"]
[Date "2010.12.08"]
[Round "6"]
[White "Cazzaniga, Walter"]
[Black "Bonazzi, Edoardo"]
[WhiteElo "2116"]
[BlackElo "2164"]
[Result "1-0"]
[PlyCount "65"]
[EventDate "2010.12.04"]

1. d4 Nf6 2. c4 c5 3. d5 b5 4. cxb5 a6 5. bxa6 Bxa6 6. Nc3 d6 7. Nf3 g6 8. g3
Bg7 9. Bg2 Nbd7 10. O-O Nb6 11. Re1 O-O 12. Nd2 Ra7 13. a3 Qa8 14. Nf1 Rb8 15.
Rb1 Bc8 16. Ne3 Ng4 17. Nxg4 Bxg4 18. Na2 Bf5 19. e4 Bc8 20. Qc2 Nd7 21. b3 Ba6
22. f4 Bd4+ 23. Kh1 Rab7 24. h3 Bb5 25. Nc3 Ba6 26. Kh2 Rc7 27. g4 Bb7 28. Nb5
Rcc8 29. Nxd4 cxd4 30. Qd2 Qa7 31. Bb2 Nf6 32. a4 Qc5 33. Rec1 1-0

[Event "XXXI Memorial Edoardo Crespi A"]
[Site "Milano ITA"]
[Date "2010.12.08"]
[Round "6"]
[White "Colovic, Aleksandar"]
[Black "Salvador, Roland"]
[WhiteElo "2457"]
[BlackElo "2527"]
[Result "1/2-1/2"]
[PlyCount "54"]
[EventDate "2010.12.04"]

1. d4 d5 2. c4 c6 3. cxd5 cxd5 4. Nc3 Nc6 5. Nf3 Nf6 6. Bf4 Nh5 7. Bd2 Nf6 8.
Bf4 Nh5 9. Bd2 e6 10. e3 g6 11. Bd3 Bg7 12. O-O O-O 13. Rc1 f5 14. Na4 f4 15.
Bb5 Ne7 16. Bb4 fxe3 17. fxe3 b6 18. Ne5 Rxf1+ 19. Qxf1 Nf5 20. Qf3 Qg5 21. Rc7
Qd8 22. Rc2 Bxe5 23. dxe5 Bd7 24. Nc3 a5 25. Ba3 Qg5 26. Rf2 Rc8 27. Nxd5 Rc1+
1/2-1/2

[Event "XXXI Memorial Edoardo Crespi A"]
[Site "Milano ITA"]
[Date "2010.12.08"]
[Round "6"]
[White "D'Alessio, Angelo"]
[Black "Facchetti, Gianni"]
[WhiteElo "2030"]
[BlackElo "2154"]
[Result "0-1"]
[PlyCount "32"]
[EventDate "2010.12.04"]

1. e4 e5 2. Nf3 Nc6 3. Bb5 Bc5 4. c3 Nf6 5. O-O O-O 6. d4 Bb6 7. Bg5 h6 8. Bh4
d6 9. Bxc6 bxc6 10. dxe5 dxe5 11. Qxd8 Rxd8 12. Nbd2 g5 13. Bg3 g4 14. Bh4 gxf3
15. Nxf3 Rd6 16. Rae1 Ba6 0-1

[Event "XXXI Memorial Edoardo Crespi A"]
[Site "Milano ITA"]
[Date "2010.12.08"]
[Round "6"]
[White "Damia, Angelo"]
[Black "Garano, Nicola"]
[WhiteElo "2302"]
[BlackElo "2171"]
[Result "1/2-1/2"]
[PlyCount "38"]
[EventDate "2010.12.04"]

1. e4 c5 2. a3 g6 3. b4 Bg7 4. c3 d6 5. d4 Nf6 6. Bd3 O-O 7. Ne2 Nbd7 8. O-O a5
9. bxc5 dxc5 10. Ra2 e5 11. d5 c4 12. Bc2 Nc5 13. f3 b5 14. Be3 Qd6 15. Nd2 Ba6
16. Nc1 Rfc8 17. Qe2 Nh5 18. g3 Nd7 19. Nb1 b4 1/2-1/2

[Event "XXXI Memorial Edoardo Crespi A"]
[Site "Milano ITA"]
[Date "2010.12.08"]
[Round "6"]
[White "David, Alberto"]
[Black "Massironi, Marco"]
[WhiteElo "2587"]
[BlackElo "2185"]
[Result "1-0"]
[PlyCount "49"]
[EventDate "2010.12.04"]

1. d4 d5 2. c4 c6 3. Nc3 e5 4. dxe5 d4 5. Ne4 Qa5+ 6. Bd2 Qxe5 7. Ng3 Nf6 8.
Nf3 Qd6 9. Qc2 Be7 10. O-O-O O-O 11. e3 dxe3 12. fxe3 Na6 13. a3 Qc7 14. Bc3
Ng4 15. Re1 Bf6 16. h3 Bxc3 17. hxg4 f5 18. Qxc3 Qxg3 19. c5 Nc7 20. Bc4+ Nd5
21. gxf5 Be6 22. Bxd5 Bxd5 23. e4 Qf4+ 24. Re3 Bf7 25. g3 1-0

[Event "XXXI Memorial Edoardo Crespi A"]
[Site "Milano ITA"]
[Date "2010.12.08"]
[Round "6"]
[White "Formento, Paolo"]
[Black "Marinone, Lucio"]
[WhiteElo "1976"]
[BlackElo "2011"]
[Result "1-0"]
[PlyCount "105"]
[EventDate "2010.12.04"]

1. e4 c5 2. Nf3 d6 3. Bb5+ Bd7 4. Bxd7+ Qxd7 5. O-O Nf6 6. Qe2 Nc6 7. c3 e5 8.
Rd1 Be7 9. d4 Qc7 10. dxc5 dxc5 11. Bg5 O-O 12. Nbd2 h6 13. Bxf6 Bxf6 14. Nf1
Rad8 15. Ne3 Ne7 16. Qc4 Qb6 17. b3 Kh7 18. Kf1 Kg8 19. h4 Rxd1+ 20. Rxd1 Rd8
21. Nd5 Nxd5 22. Rxd5 Rxd5 23. exd5 Qd6 24. Nd2 b5 25. Ne4 bxc4 26. Nxd6 cxb3
27. axb3 Kf8 28. g3 Bd8 29. c4 Bc7 30. Nb5 Bb6 31. Nc3 Ke7 32. Na4 Kd6 33. Nxb6
axb6 34. g4 Ke7 35. Ke2 h5 36. f3 f6 37. Ke3 Kf7 38. Ke4 g5 39. hxg5 h4 40. g6+
Kxg6 41. Ke3 f5 42. gxf5+ Kxf5 43. Kf2 Kf6 44. Kg2 Kg6 45. Kh3 Kg5 46. d6 Kf6
47. Kxh4 Ke6 48. Kg5 e4 49. fxe4 Kxd6 50. Kf6 Kd7 51. e5 Kd8 52. e6 Ke8 53. e7
1-0

[Event "XXXI Memorial Edoardo Crespi A"]
[Site "Milano ITA"]
[Date "2010.12.08"]
[Round "6"]
[White "Gonella, Daniele"]
[Black "Sbarra, Marco"]
[WhiteElo "2003"]
[BlackElo "2312"]
[Result "1/2-1/2"]
[PlyCount "101"]
[EventDate "2010.12.04"]

1. e4 e5 2. Nf3 Nc6 3. Bb5 a6 4. Bxc6 dxc6 5. O-O Ne7 6. Nxe5 Qd4 7. Qh5 g6 8.
Nf3 Qxe4 9. Qa5 b6 10. Qc3 Rg8 11. Re1 Qd5 12. Qe3 Bb7 13. Nc3 Qd7 14. Qf4 h6
15. d3 g5 16. Qc4 c5 17. Bd2 Bg7 18. Ne5 Qe6 19. Qxe6 fxe6 20. Ng4 h5 21. Ne5
Bf6 22. Nc4 Kf7 23. Ne5+ Kg7 24. Nd7 Kf7 25. Ne5+ Bxe5 26. Rxe5 Nf5 27. Ne4
Bxe4 28. Rxe4 Rad8 29. Bc3 Nd4 30. Bxd4 Rxd4 31. Rae1 Rxe4 32. Rxe4 Kf6 33. f3
e5 34. Kf2 Ke6 35. h4 gxh4 36. f4 Rg4 37. Rxe5+ Kd6 38. Re4 Kd5 39. b3 Kd6 40.
a4 a5 41. c3 Rg3 42. Re3 Rg4 43. Kf3 Rg3+ 44. Kf2 Rg4 45. Re4 Rg3 46. f5 Rg5
47. f6 Rf5+ 48. Ke3 Rxf6 49. Rxh4 Rf5 50. Rf4 Re5+ 51. Re4 1/2-1/2

[Event "XXXI Memorial Edoardo Crespi A"]
[Site "Milano ITA"]
[Date "2010.12.08"]
[Round "6"]
[White "Herman, Matthew J."]
[Black "Borgo, Giulio"]
[WhiteElo "2149"]
[BlackElo "2414"]
[Result "1-0"]
[PlyCount "130"]
[EventDate "2010.12.04"]

1. e4 d6 2. d4 Nf6 3. Nc3 Nbd7 4. Nf3 e5 5. Bc4 Be7 6. O-O O-O 7. Re1 c6 8. a4
a5 9. b3 exd4 10. Nxd4 Nb6 11. Bf1 d5 12. e5 Ne8 13. Qh5 g6 14. Qh6 Ng7 15. Bd3
f6 16. Re3 fxe5 17. Rxe5 Bf6 18. Bg5 Bxg5 19. Qxg5 Qxg5 20. Rxg5 Bd7 21. g3
Rae8 22. h4 Re7 23. Nde2 Be8 24. Nf4 Nd7 25. Kf1 Bf7 26. Kg2 Ne5 27. Rf1 Rfe8
28. Rh1 h6 29. Rxe5 Rxe5 30. Nxg6 Re1 31. Rxe1 Rxe1 32. f4 Be6 33. Kf2 Rh1 34.
f5 Nxf5 35. Bxf5 Bxf5 36. Ne7+ Kh7 37. Nxf5 Rh2+ 38. Ke3 Rxc2 39. Kd3 Rb2 40.
Nd4 c5 41. Nd1 Rb1 42. Kc2 Ra1 43. Ne2 c4 44. bxc4 Ra2+ 45. Nb2 Ra3 46. cxd5
Re3 47. Kd2 Rb3 48. Nc4 b5 49. axb5 Rxb5 50. Nc3 Rc5 51. Kd3 a4 52. d6 Rc8 53.
g4 Ra8 54. Nb5 Kg7 55. Kd4 Kf6 56. Kd5 Rg8 57. d7 Ke7 58. Ne5 Ra8 59. Na3 Ra5+
60. Ke4 Ra6 61. g5 hxg5 62. hxg5 Ra8 63. g6 Ke6 64. Nac4 a3 65. Nxa3 Rd8 1-0

[Event "XXXI Memorial Edoardo Crespi A"]
[Site "Milano ITA"]
[Date "2010.12.08"]
[Round "6"]
[White "Iudicello, Giovanni"]
[Black "Brunello, Roberta"]
[WhiteElo "2158"]
[BlackElo "2063"]
[Result "1-0"]
[PlyCount "104"]
[EventDate "2010.12.04"]

1. Nf3 d5 2. g3 Nf6 3. Bg2 Bf5 4. d3 e6 5. O-O h6 6. Nbd2 Be7 7. Qe1 c6 8. e4
Bh7 9. Qe2 a5 10. Ne1 Na6 11. f4 Nc5 12. e5 Nfd7 13. g4 f5 14. exf6 Bxf6 15. c3
Qe7 16. d4 Na6 17. Ndf3 Qd6 18. Ne5 Bxe5 19. fxe5 Qe7 20. Nd3 Rf8 21. Be3 O-O-O
22. Nf4 Rf7 23. Nh5 Bg6 24. Rxf7 Qxf7 25. Rf1 Qe7 26. Nf4 Bh7 27. Qf2 Rf8 28.
Qg3 Nc7 29. h4 Rh8 30. Nh3 Nf8 31. h5 Bg8 32. Qf4 Nh7 33. Bf3 Bf7 34. Be2 Be8
35. Bd3 Qh4 36. Kg2 Rf8 37. Qg3 Qxg3+ 38. Kxg3 Rxf1 39. Bxf1 Kd7 40. Bd3 Nf8
41. Kh4 Bf7 42. g5 hxg5+ 43. Kxg5 Ne8 44. Nf4 Ke7 45. Bf2 Bg8 46. Bh4 Kf7 47.
Bg6+ Ke7 48. Kg4+ Kd7 49. Kg5 Nc7 50. h6 gxh6+ 51. Kxh6 Nxg6 52. Kxg6 Ke8 1-0

[Event "XXXI Memorial Edoardo Crespi A"]
[Site "Milano ITA"]
[Date "2010.12.08"]
[Round "6"]
[White "Lapiccirella, Daniele"]
[Black "Radice, Luca"]
[WhiteElo "2225"]
[BlackElo "2001"]
[Result "1-0"]
[PlyCount "59"]
[EventDate "2010.12.04"]

1. d4 d5 2. c4 e6 3. Nc3 Nf6 4. cxd5 exd5 5. Bg5 Be7 6. e3 c6 7. Bd3 Nbd7 8.
Nf3 Nh5 9. Bxe7 Qxe7 10. O-O O-O 11. Qb1 g6 12. b4 Nb6 13. b5 Be6 14. a4 Nc4
15. Bxc4 dxc4 16. bxc6 bxc6 17. Qe4 Qd6 18. Qe5 Rfd8 19. Qxd6 Rxd6 20. Ne4 Rdd8
21. Nc5 Bd5 22. e4 Be6 23. Nxe6 fxe6 24. Rfc1 c5 25. dxc5 Rac8 26. Rxc4 Nf6 27.
h3 Rd3 28. Rb1 Nd7 29. Rb7 Rxc5 30. Rxd7 1-0

[Event "XXXI Memorial Edoardo Crespi A"]
[Site "Milano ITA"]
[Date "2010.12.08"]
[Round "6"]
[White "Loehnhardt, Benjamin"]
[Black "Gagliardi, Christian"]
[WhiteElo "2042"]
[BlackElo "2188"]
[Result "0-1"]
[PlyCount "80"]
[EventDate "2010.12.04"]

1. e4 g6 2. d4 Bg7 3. Bc4 c6 4. Qf3 d5 5. exd5 Nf6 6. dxc6 Nxc6 7. c3 O-O 8.
Qd1 e5 9. dxe5 Qxd1+ 10. Kxd1 Nxe5 11. Be2 Bf5 12. Nd2 Rad8 13. Ngf3 Neg4 14.
Ke1 Rfe8 15. Nf1 Ne4 16. Be3 Nxc3 17. h3 Nxe3 18. fxe3 Nxe2 19. Kxe2 Bxb2 20.
Re1 Bd3+ 21. Kf2 Rc8 22. Rd1 Rc2+ 23. Rd2 Rec8 24. Kg3 Ba6 25. Rd7 Rc1 26. Rd2
Ba3 27. Rf2 Bd6+ 28. Kg4 h5+ 29. Kh4 f6 30. Nd4 Be5 31. Nf3 Bd6 32. Nd4 Kf7 33.
Nf3 Ke7 34. g4 hxg4 35. Kxg4 Bd3 36. Nd4 f5+ 37. Kg5 Kf7 38. h4 Rh8 39. h5 Be7+
40. Kf4 g5+ 0-1

[Event "XXXI Memorial Edoardo Crespi A"]
[Site "Milano ITA"]
[Date "2010.12.08"]
[Round "6"]
[White "Manca, Federico"]
[Black "Codenotti, Marco"]
[WhiteElo "2405"]
[BlackElo "2228"]
[Result "1/2-1/2"]
[PlyCount "42"]
[EventDate "2010.12.04"]

1. e4 c5 2. c3 d5 3. exd5 Qxd5 4. d4 Nf6 5. Nf3 Bg4 6. dxc5 Qxc5 7. h3 Bf5 8.
Na3 a6 9. Be3 Qc7 10. Nc4 Nbd7 11. Bd3 Bxd3 12. Qxd3 Rc8 13. Ncd2 e6 14. O-O
Be7 15. c4 O-O 16. b3 Rfd8 17. Qc2 Nd5 18. Bd4 e5 19. Bb2 f6 20. Rad1 Nb4 21.
Qb1 Nc5 1/2-1/2

[Event "XXXI Memorial Edoardo Crespi A"]
[Site "Milano ITA"]
[Date "2010.12.08"]
[Round "6"]
[White "Marin, Mihail"]
[Black "Solodovnichenko, Yuri"]
[WhiteElo "2562"]
[BlackElo "2563"]
[Result "0-1"]
[PlyCount "72"]
[EventDate "2010.12.04"]

1. c4 Nf6 2. g3 c6 3. Bg2 d5 4. Nf3 dxc4 5. O-O Nbd7 6. Na3 Nb6 7. Qc2 Qd5 8.
Ne1 Qe6 9. d3 cxd3 10. Nxd3 g6 11. e4 Bg7 12. Bf4 Nfd7 13. Bc7 h5 14. Rae1 g5
15. f4 Bd4+ 16. Kh1 h4 17. f5 Qh6 18. g4 h3 19. Bf3 e5 20. fxe6 Qxe6 21. e5 Nd5
22. Nc4 Nxc7 23. Nd6+ Kd8 24. Qd2 f6 25. Nf5 Bxe5 26. Nc5 Qg8 27. Nd4 Rh7 28.
Be4 Re7 29. Nf5 Re8 30. Rd1 Nd5 31. Nh6 Qf8 32. Nxd7 Kxd7 33. Bxd5 cxd5 34.
Qxd5+ Kc7 35. Nf7 Be6 36. Qa5+ b6 0-1

[Event "XXXI Memorial Edoardo Crespi A"]
[Site "Milano ITA"]
[Date "2010.12.08"]
[Round "6"]
[White "Melotti, Dario"]
[Black "Tramalloni, Luca"]
[WhiteElo "2087"]
[BlackElo "2144"]
[Result "1/2-1/2"]
[PlyCount "93"]
[EventDate "2010.12.04"]

1. c4 Nf6 2. Nc3 c5 3. Nf3 b6 4. e4 d6 5. d4 cxd4 6. Nxd4 e6 7. Be3 Bb7 8. f3
a6 9. Be2 Nbd7 10. Qd2 Be7 11. g4 h6 12. O-O-O Qc7 13. h4 O-O-O 14. Qc2 Ne5 15.
Qb3 Nfd7 16. Kb1 Kb8 17. f4 Nc6 18. Nxc6+ Qxc6 19. Qc2 Rc8 20. g5 hxg5 21. hxg5
Nc5 22. Bf3 f5 23. Bd4 Nxe4 24. Nxe4 fxe4 25. Bg4 Rxh1 26. Rxh1 e3 27. Rc1 Qe4
28. Qxe4 Bxe4+ 29. Ka1 Bf5 30. Be2 b5 31. Bxe3 bxc4 32. Bxc4 Rc6 33. b3 Kb7 34.
Kb2 d5 35. Be2 Rxc1 36. Kxc1 Bd6 37. Kb2 g6 38. a3 Bc7 39. b4 Bd6 40. Kb3 e5
41. fxe5 Bxe5 42. Bf3 Be6 43. Bd2 Kb6 44. Be2 Bf5 45. Bf1 Be4 46. Be2 Bf5 47.
Bf1 1/2-1/2

[Event "XXXI Memorial Edoardo Crespi A"]
[Site "Milano ITA"]
[Date "2010.12.08"]
[Round "6"]
[White "Pace, Pietro Dario"]
[Black "Burlando, Alessandro"]
[WhiteElo "2316"]
[BlackElo "2132"]
[Result "1-0"]
[PlyCount "55"]
[EventDate "2010.12.04"]

1. e4 e6 2. d4 d5 3. Nc3 Bb4 4. Nge2 dxe4 5. a3 Be7 6. Nxe4 Nd7 7. g3 Ngf6 8.
Nxf6+ Nxf6 9. Bg2 c5 10. O-O O-O 11. dxc5 Bxc5 12. b4 Be7 13. c4 Qc7 14. Qb3
Bd7 15. Nd4 Rac8 16. c5 e5 17. Nf3 b6 18. cxb6 axb6 19. Bb2 Be6 20. Qa4 Nd7 21.
Rac1 Qb8 22. Qb5 f6 23. Nd2 Rxc1 24. Rxc1 Rc8 25. Nc4 Rc7 26. Bc6 Bd8 27. Rd1
Qa7 28. Bd5 1-0

[Event "XXXI Memorial Edoardo Crespi A"]
[Site "Milano ITA"]
[Date "2010.12.08"]
[Round "6"]
[White "Paleologu, Vladimir"]
[Black "Vezzosi, Paolo"]
[WhiteElo "2193"]
[BlackElo "2379"]
[Result "0-1"]
[PlyCount "60"]
[EventDate "2010.12.04"]

1. e4 c6 2. d4 d5 3. e5 c5 4. dxc5 Nc6 5. Nf3 Bg4 6. Be2 e6 7. Bf4 Bxc5 8. O-O
Bxf3 9. Bxf3 Nge7 10. Bg3 Bd4 11. c3 Bxe5 12. Nd2 O-O 13. Bh4 Qc7 14. Bxe7 Qxe7
15. Re1 b5 16. a4 b4 17. c4 Bxb2 18. Ra2 Bc3 19. cxd5 Nd4 20. Be4 Rab8 21. Re3
b3 22. Bxh7+ Kxh7 23. Qh5+ Kg8 24. Rh3 f5 25. dxe6 Qxe6 26. Qh7+ Kf7 27. Rxc3
Ne2+ 28. Kf1 Nxc3 29. Nf3 bxa2 30. Qh5+ Kg8 0-1

[Event "XXXI Memorial Edoardo Crespi A"]
[Site "Milano ITA"]
[Date "2010.12.08"]
[Round "6"]
[White "Pechy, Alaster"]
[Black "Gikas, Andreas Basilius"]
[WhiteElo "2187"]
[BlackElo "2182"]
[Result "1-0"]
[PlyCount "105"]
[EventDate "2010.12.04"]

1. Nf3 d5 2. b4 Bg4 3. Ne5 Bf5 4. e3 f6 5. Bd3 Bxd3 6. Nxd3 e6 7. O-O Bd6 8.
Bb2 Qe7 9. a3 Nd7 10. Nc3 c6 11. e4 O-O-O 12. exd5 exd5 13. b5 Ne5 14. bxc6
bxc6 15. Nxe5 fxe5 16. Qg4+ Kb8 17. Qa4 Qc7 18. Ne2 Nf6 19. Bc3 Qd7 20. Ba5 Bc7
21. Rab1+ Ka8 22. Bb6 Bxb6 23. Rxb6 c5 24. Qa6 Qc8 25. Qa4 Qd7 26. Rb5 Rb8 27.
Rfb1 Rxb5 28. Rxb5 Rb8 29. Rxb8+ Kxb8 30. Qa5 Qc7 31. Qa4 Qd7 32. Qa6 Qb7 33.
Qd6+ Qc7 34. Qf8+ Kb7 35. Nc3 Ka6 36. a4 Ka5 37. f3 a6 38. Qa8 d4 39. Ne4 Nxe4
40. fxe4 Qb6 41. Kf2 Qb2 42. Qd8+ Kxa4 43. Qe8+ Ka3 44. Qxe5 Qxc2 45. Qf4 c4
46. Qd6+ Kb2 47. Qxd4+ Kc1 48. Ke3 Qb3+ 49. Qc3+ Kd1 50. Kd4 a5 51. Qxb3+ cxb3
52. Kc3 a4 53. Kb2 1-0

[Event "XXXI Memorial Edoardo Crespi A"]
[Site "Milano ITA"]
[Date "2010.12.08"]
[Round "6"]
[White "Rota, Simone"]
[Black "Pedroni, Marco"]
[WhiteElo "2006"]
[BlackElo "1989"]
[Result "1-0"]
[PlyCount "123"]
[EventDate "2010.12.04"]

1. d4 d5 2. c4 c6 3. Nf3 Nf6 4. e3 e6 5. Bd3 Be7 6. O-O Nbd7 7. b3 Qc7 8. Bb2
b6 9. Nbd2 Bb7 10. Rc1 O-O 11. Ne5 Nxe5 12. dxe5 Nd7 13. f4 Rad8 14. cxd5 Nc5
15. d6 Bxd6 16. exd6 Qxd6 17. Bxh7+ Kxh7 18. Qg4 f6 19. Nc4 Qe7 20. Ba3 Kg8 21.
Rfd1 Bc8 22. Qf3 Bb7 23. Nd2 Rd3 24. Ne4 Rfd8 25. Rxd3 Rxd3 26. Bxc5 bxc5 27.
Nxc5 Rd2 28. a4 Ba8 29. Qe4 e5 30. f5 Qd6 31. Qc4+ Qd5 32. e4 Qxc4 33. Rxc4 Kf7
34. h3 g6 35. fxg6+ Kxg6 36. Kh2 f5 37. exf5+ Kxf5 38. Kg3 Rd1 39. Kf3 Re1 40.
Kf2 Rd1 41. h4 Rd2+ 42. Kf3 Rd1 43. g4+ Kg6 44. Re4 Kf6 45. Ke2 Rh1 46. h5 Rh3
47. Kd2 Rg3 48. Rb4 Rg2+ 49. Kc3 Rg3+ 50. Kb2 Rg2+ 51. Ka3 Rc2 52. Ne4+ Kf7 53.
Rb8 Re2 54. Nd6+ Ke6 55. Nf5 Rg2 56. h6 Rh2 57. Rxa8 Kf6 58. Rxa7 Kg5 59. Rg7+
Kf4 60. h7 e4 61. a5 e3 62. Nxe3 1-0

[Event "XXXI Memorial Edoardo Crespi A"]
[Site "Milano ITA"]
[Date "2010.12.08"]
[Round "6"]
[White "Salmoiraghi, Angelo"]
[Black "Zanetti, Alberto"]
[WhiteElo "2139"]
[BlackElo "2199"]
[Result "1/2-1/2"]
[PlyCount "61"]
[EventDate "2010.12.04"]

1. d4 Nf6 2. c4 e6 3. g3 d5 4. Nf3 Be7 5. Bg2 O-O 6. O-O b6 7. cxd5 exd5 8. Bf4
Bb7 9. Nc3 Nh5 10. Bd2 Nd7 11. Qb3 c6 12. Rfd1 Re8 13. e4 dxe4 14. Nxe4 Nhf6
15. Ne5 Nxe5 16. dxe5 Nxe4 17. Bxe4 Qc8 18. Qf3 Bf8 19. Bg5 Rxe5 20. Bf4 Re7
21. Bd6 Rxe4 22. Qxe4 c5 23. Qf4 Qc6 24. f3 Qxf3 25. Qxf3 Bxf3 26. Bxf8 Bxd1
27. Bxc5 Bg4 28. Be3 Be6 29. a3 Kf8 30. Kf2 Ke7 31. Rc1 1/2-1/2

[Event "XXXI Memorial Edoardo Crespi A"]
[Site "Milano ITA"]
[Date "2010.12.08"]
[Round "6"]
[White "Tonndorf, Matthias"]
[Black "Saric, Sinisa"]
[WhiteElo "2169"]
[BlackElo "2452"]
[Result "1/2-1/2"]
[PlyCount "84"]
[EventDate "2010.12.04"]

1. e4 d5 2. exd5 Qxd5 3. Nc3 Qa5 4. Bc4 Nf6 5. d3 Bg4 6. Nge2 Nbd7 7. h3 Bh5 8.
Bd2 c6 9. g4 Bg6 10. f4 e6 11. Ng3 Qc7 12. Qf3 Bd6 13. Nge4 Be7 14. O-O-O O-O-O
15. Nxf6 Nxf6 16. Bb3 Bb4 17. Kb1 Ba5 18. Rde1 Qd7 19. Rhf1 h5 20. f5 hxg4 21.
hxg4 exf5 22. gxf5 Bh5 23. Qg3 Bg4 24. Qf4 Rh5 25. Qa4 Bb6 26. Qb4 Rxf5 27.
Rxf5 Bxf5 28. Na4 Qd4 29. Nxb6+ axb6 30. Qxd4 Rxd4 31. Bxf7 Rd7 32. Bb3 Kd8 33.
Rg1 Re7 34. Bc3 Ne8 35. a4 Kd7 36. Bd4 c5 37. Bc3 Be6 38. Bxe6+ Kxe6 39. Ka2
Kf5 40. Rf1+ Kg4 41. Rg1+ Kf5 42. Rf1+ Kg4 1/2-1/2

[Event "XXXI Memorial Edoardo Crespi A"]
[Site "Milano ITA"]
[Date "2010.12.08"]
[Round "6"]
[White "Tratar, Marko"]
[Black "Bellia, Fabrizio"]
[WhiteElo "2492"]
[BlackElo "2399"]
[Result "1/2-1/2"]
[PlyCount "71"]
[EventDate "2010.12.04"]

1. d4 Nf6 2. Nf3 e6 3. c4 c5 4. e3 cxd4 5. Nxd4 e5 6. Nb5 d6 7. Be2 Be6 8. O-O
Nc6 9. b3 a6 10. N5c3 d5 11. cxd5 Nxd5 12. Nxd5 Qxd5 13. Qxd5 Bxd5 14. Nc3 Be6
15. Rd1 Bb4 16. Bb2 Bxc3 17. Bxc3 f6 18. f4 Ke7 19. Bf3 exf4 20. exf4 Rhd8 21.
Kf2 Rxd1 22. Rxd1 Rd8 23. Rxd8 Kxd8 24. g4 Kc7 25. g5 fxg5 26. Bxg7 gxf4 27.
Be4 Bg8 28. Bh6 Kd6 29. Kf3 Bd5 30. Bf8+ Ke6 31. Kxf4 Bxe4 32. Kxe4 Ne5 33. Bc5
Ng4 34. h3 Ne5 35. Bd4 Ng6 36. Bb2 1/2-1/2

[Event "XXXI Memorial Edoardo Crespi A"]
[Site "Milano ITA"]
[Date "2010.12.08"]
[Round "6"]
[White "Valenti, Giuseppe"]
[Black "Almonti, Alessandro"]
[WhiteElo "2122"]
[BlackElo "2033"]
[Result "1-0"]
[PlyCount "65"]
[EventDate "2010.12.04"]

1. b3 d6 2. Bb2 Nd7 3. d4 Ngf6 4. Nf3 g6 5. Nbd2 Bg7 6. e3 c5 7. c4 O-O 8. d5
b5 9. Qc2 Nb6 10. e4 bxc4 11. Nxc4 Bb7 12. Bd3 a5 13. O-O Nxc4 14. Bxc4 Qd7 15.
Rad1 a4 16. Rfe1 a3 17. Bc3 Nh5 18. e5 Qd8 19. Qe4 Bh8 20. g4 Ng7 21. Qf4 Ba6
22. Qh6 f6 23. e6 Ne8 24. Re4 Bg7 25. Qh3 h6 26. Nh4 Kh7 27. Bxa6 Rxa6 28. Qd3
f5 29. gxf5 gxf5 30. Rf4 Bxc3 31. Rxf5 Rxf5 32. Qxf5+ Kh8 33. Ng6+ 1-0